000
00282nam a22001217a 4500
003
SGT
082
_a
610.7368
_b
N90S
100
_a
STRUB, RICHARD L.
245
_a
NEUROBEHAVIORAL DISORDERS A CLINICAL APPROACH
260
_a
INDIA
_b
JAYPEE
_c
1990
300
_a
507
942
_2
ddc
_c
BK
999
_c
12191
_d
12191